Visita de enfermos y exercicio santo de ayudar a bien morir (Record no. 5641)
[ view plain ]
| 000 -CABECERA | |
|---|---|
| campo de control de longitud fija | 01278nam a2200313 a 4500 |
| 001 - NÚMERO DE CONTROL | |
| campo de control | BRCA_5952 |
| 005 - FECHA Y HORA DE LA ÚLTIMA TRANSACCIÓN | |
| campo de control | 20190320205256.0 |
| 008 - DATOS DE LONGITUD FIJA--INFORMACIÓN GENERAL | |
| campo de control de longitud fija | 240311s1775----sp-#######---#000-0#spa-# |
| 041 ## - CÓDIGO DE LENGUA | |
| Código de lengua del texto/banda sonora o título independiente | spa |
| 044 ## - CÓDIGO DEL PAÍS DE LA ENTIDAD EDITORA/PRODUCTORA | |
| Código MARC del país | sp |
| 050 #4 - SIGNATURA TOPOGRÁFICA DE LA BIBLIOTECA DEL CONGRESO | |
| Número de clasificación | BX19 |
| Número de documento/Ítem | .A73 1775 |
| 100 1# - ENTRADA PRINCIPAL--NOMBRE DE PERSONA | |
| Nombre de persona | Arbiol, Antonio |
| Fechas asociadas al nombre | 1651-1726 |
| 9 (RLIN) | 15032 |
| 245 10 - MENCIÓN DE TÍTULO | |
| Título | Visita de enfermos y exercicio santo de ayudar a bien morir |
| Mención de responsabilidad, etc. | Antonio Arbiol. |
| 260 ## - PUBLICACIÓN, DISTRIBUCIÓN, ETC. | |
| Lugar de publicación, distribución, etc. | Madrid |
| Nombre del editor, distribuidor, etc. | Manuel Martin |
| Fecha de publicación, distribución, etc. | 1775? |
| 300 ## - DESCRIPCIÓN FÍSICA | |
| Extensión | 271 p. |
| Dimensiones | 15 cm. |
| 500 ## - NOTA GENERAL | |
| Nota general | Libro para los clérigos que dan los santos oleos; oraciones en latín; desde la mitad del prólogo hasta la p. 35 tuvo un ataque de polilla que daño una linea del texto de cada página; cosido a mano. |
| 500 ## - NOTA GENERAL | |
| Nota general | Fondo antiguo |
| 500 ## - NOTA GENERAL | |
| Nota general | Se encuentra en Caja Fuerte |
| 500 ## - NOTA GENERAL | |
| Nota general | H-169 |
| 500 ## - NOTA GENERAL | |
| Nota general | Con Ex-libris de: Franz Mayer |
| 500 ## - NOTA GENERAL | |
| Nota general | Incluye índice de todos los capítulos de este libro y prólogo |
| 500 ## - NOTA GENERAL | |
| Nota general | Las páginas 137-146 presentan una mancha donde se encuentra el lomo |
| 500 ## - NOTA GENERAL | |
| Nota general | Nota de encuadernación: en piel pergamino |
| 506 0# - NOTA DE RESTRICCIONES AL ACCESO | |
| Limitaciones de acceso | Fondo reservado: para su consulta es necesario credencial de usuario y carta de motivos |
| 650 14 - PUNTO DE ACCESO ADICIONAL DE MATERIA--TÉRMINO DE MATERIA | |
| Término de materia o nombre geográfico como elemento de entrada | Libro de horas |
| Subdivisión geográfica | España |
| 9 (RLIN) | 15033 |
| 650 14 - PUNTO DE ACCESO ADICIONAL DE MATERIA--TÉRMINO DE MATERIA | |
| Término de materia o nombre geográfico como elemento de entrada | Sacerdotes |
| Subdivisión general | Vida espiritual |
| 9 (RLIN) | 15034 |
| 902 ## - CATALOGADOR | |
| Iniciales | LAR |
| 942 ## - ELEMENTOS DE PUNTO DE ACCESO ADICIONAL (KOHA) | |
| Fuente del sistema de clasificación o colocación | Library of Congress Classification |
| Tipo de ítem Koha | Libros |
| Estado de retiro | Estado de pérdida | Estado dañado | No para préstamo | Localización permanente | Ubicación/localización actual | Fecha de adquisición | Número de inventario | Total de préstamos | Signatura topográfica completa | Código de barras | Fecha visto por última vez | Precio válido a partir de | Tipo de ítem Koha |
|---|---|---|---|---|---|---|---|---|---|---|---|---|---|
| El ejemplar forma parte de la colección y puede ser consultado según las políticas vigentes. | Biblioteca del Museo Franz Mayer (Rogerio Casas-Alatriste) | Biblioteca del Museo Franz Mayer (Rogerio Casas-Alatriste) | 24/03/2011 | H-169 | BX19 .A73 1775 (H-169) | LAR00008 | 22/03/2019 | 22/03/2019 | Libros |